000 004670000a22001810004500
003 MACL
005 20160102151741.0
008 160102b xxu||||| |||| 00| 0 eng d
040 _aMACL
_cMACL
041 _aEnglish
082 _a613.704/MAH
100 _aShastri, dr Ram Pyari
_927251
245 _aFirst Steps to Higher Yoga
260 _bYog Niketan Trust
_c1975
_aNew Delhi
350 _a25
650 _aMedical Science
_927252
942 _cBK
_k613.704/Man
_2ddc
999 _c34474
_d34474